| 000 | 00804nam a22001337a 4500 | ||
|---|---|---|---|
| 040 | _cRUA | ||
| 082 | _aATM SAT 2012 B199 Or.1 | ||
| 100 | _aSATH BUNNA; សាត ប៊ុនណា. | ||
| 245 | _aThe efficency of tomnoub damnak opel irrigation system usage by farmer in kravanh district, pursat province, ប្រសិទ្ធភាពនៃការប្រើប្រាស់ប្រព័ន្ធធារាសាស្រ្តទំនប់ដំណាក់អំពិលដោយកសិករក្នុងស្រុកភ្នំក្រវាញ ខេត្តពោធិ៍សាត់. | ||
| 260 |
_aPhnom Penh _bRUA _c2012 |
||
| 300 |
_aix; 40p. _bill. _c29cm. |
||
| 856 | _uhttps://drive.google.com/file/d/1SeTVSrUsc1ohVKyce2IBGS3gRrQwQ36l/view?usp=sharing | ||
| 942 | _cATM | ||
| 999 |
_c4292 _d4292 |
||